Film Poster - Statistiken

Allgemein
  • Dieses Quiz wurde 3.440 mal gespielt
  • Das Durchschnittsergebnis liegt bei 16 aus 28
Antwortstatistiken
Bildquiz Antwort % Korrekt
Oben
94%
Der weiße Hai
92%
Forrest Gump
91%
Terminator
86%
Alien
76%
Elvis
76%
Inception
74%
Top Gun
74%
Das Schweigen der Lämmer
70%
Mad Max
70%
Pulp Fiction
67%
Der Soldat James Ryan
66%
Black Swan
64%
Schindlers Liste
57%
Braveheart
56%
Die unendliche Geschichte
56%
The Green Mile
55%
The Revenant
53%
Logan
47%
V wie Vendetta
44%
American Beauty
36%
The Big Lebowski
36%
Superbad
34%
Die Verurteilten
31%
Gran Torino
28%
Der Patriot
26%
Wie ein einziger Tag
22%
The Help
10%
Keine übereinstimmenden Quizze gefunden
Verteilung der Resultate
Anzahl Personen mit jedem Resultat
Perzentil nach korrekt beantworteten Fragen
Ihre Resultats-Entwicklung
Sie haben dieses Quiz noch nicht gespielt